|
|
|
|
| LEADER |
00000nab a2200000 a 4500 |
| 001 |
vtls008416479 |
| 003 |
SK-MaSNL |
| 005 |
20260303070022.0 |
| 008 |
141122c2005 xo 0 slo |
| 015 |
|
|
|a SNBCL2005/5
|
| 035 |
|
|
|a SLK034916
|
| 040 |
|
|
|a SLKCL
|b slo
|c SNKBUCL
|e AACR2
|
| 041 |
1 |
|
|a slo
|b eng
|b slo
|
| 044 |
|
|
|a xo
|c SK
|
| 080 |
|
|
|a 616-002.5+616.988
|2 1981
|
| 100 |
1 |
|
|a Solovič, Ivan,
|d 1966-
|4 aut
|9 189359
|
| 245 |
1 |
0 |
|a Tuberkulóza a HIV/AIDS koinfekcia
|c Ivan Solovič, Jana Kotuľáková
|
| 246 |
1 |
0 |
|a TB and HIV/AIDS coinfection
|
| 246 |
1 |
1 |
|a TB and HIV/AIDS coinfection
|
| 300 |
|
|
|b Obr., tab.
|
| 504 |
|
|
|a Res. angl., slov.
|
| 504 |
|
|
|a Bibliogr. odkazy
|
| 650 |
0 |
7 |
|a tuberkulóza
|x epidemiológia
|2 MESH
|9 850320
|
| 650 |
0 |
7 |
|a HIV infekcie
|x epidemiológia
|2 MESH
|9 859293
|
| 650 |
0 |
7 |
|a komorbidita
|2 MESH
|9 19088
|
| 650 |
0 |
7 |
|a tuberkulóza multirezistentná voči liekom
|x diagnostika
|2 MESH
|9 1066900
|
| 650 |
0 |
7 |
|a AIDS
|x epidemiológia
|2 MESH
|9 858248
|
| 650 |
0 |
7 |
|a Svetová zdravotnícka organizácia
|2 MESH
|9 15128
|
| 700 |
1 |
|
|a Kotuľáková, Jana
|4 aut
|9 81865
|
| 773 |
0 |
|
|t Via practica
|g Roč. 2, č. 7-8 s prílohou Gastroenterológia (2005), s. 324-326
|x 1336-4790
|
| 850 |
|
|
|a Slovenská lekárska knižnica v Bratislave
|a BA006
|
| 852 |
|
|
|a BA006
|b KIS3GCP
|b 000500000
|
| 999 |
|
|
|c 1753573
|d 1755503
|